01846agaaa2200313 45000010005000000030009000050050017000140070009000310080040000400400023000800410014001031000045001171300025001622400028001872450188002152460021004032500022004242600107004463000034005535080163005875110088007505200412008385380016012505460014012666500066012807000057013467000072014037000057014750465IT-RoPAU20220918181229.0d cvaizq50131s9999||||xx ||| | || ||und|| aIT-RoPAUcIT-RoPAU aSPAGNOLO  aSaura CarlosgCodice regista SPICS: 1638 aAMORE STREGONE (L')  aAMOR BRUJO (EL) gT3876 aAMORE STREGONE (L') cProdotto da: Piedra Emiliano -- Sceneggiatura: Gades Antonio Saura Carlos -- Diretto da: Saura CarlospAMORE STREGONE (L') (Rif. Codice opera principale : K0465) aAMOR BRUJO (EL)  aEdizione Standard a(SPAGNA )bN.d. / Distribuzione: MULTIMEDIA SAN PAOLOg"1986 (1° ed.: 2010 ; Ed. Lingua Orig.: 1986)" aDVDbsonoro, col.c100 minuti a"Fotografia: Escamilla Teodoro ; Montaggio: Del Rey Pedro ; Musica: De Falla Manuel; Sceneggiatura: Gades Antonio Saura Carlos ; Scenografia: Vera Gerardo ; " a"Hojos Cristina; Gades Antonio; Jurado Rocio; Lopez; Cobos Jesus; Del; Sol Laura; " aIN UN CAMPO GITANO DUE PADRI PROMETTONO IN MATRIMONIO I PROPRI FIGLI, JOSE' E CANDELA. ALCUNI ANNI DOPO SI FESTEGGIANO CON CANTI E DANZE LE NOZZE. MA JOSE' E' UN INCALLITO CACCIATORE DI DONNE E CANDELA NON SA CHE LA PREFERITA E' LA BELLA LUCIA. DURANTE UNA RISSA, JOSE' VIENE UCCISO CON UNA COLTELLATA E CARMELO - FIN DA BAMBINO AFFASCINATO DA CANDELA - SE NE ADDOSSA LA COLPA E FA QUATTRO ANNI DI GALERA... aPAL, STEREO aSPAGNOLO  aMUSICALE - DRAMMAeDVD-FILM [DVD]xCodice MATERIA SPICS: 9947 aDe Falla Manuele(musica)gCodice Musica SPICS: 7470 aMartinez Sierra Gregorio e(soggetto)gCodice Soggetto SPICS: 60184 aSaura Carlos e(regista)gCodice regista SPICS: 1638